02252nam a22002537a 4500003001700000005001700017008004100034024000700075040000700082041001200089082001900101100002700120245007100147250000600218260002800224300002900252365006400281520140800345650003201753700002801785942001201813999001901825952015401844St Aloysius Coll20250820112901.0250820b |||||||| |||| 00| 0 eng d cAL cAL aEnglish a338.4791bHALG aMichael Hall C9236609 aGeography of tourism and recreationb: environment place and space a4 aLondonbRoutledgec2014 axii,458pbPBc24.5x19cm. 2Generala2783b₹6195.00c₹d₹4832.00e22%f12/08/2025 aThis fourth edition of The Geography of Tourism and Recreation provides students with a comprehensive introduction to the interrelationship between tourism, leisure and recreation from geographical and social science perspectives. It still remains the only book to systematically compare and contrast in a spatial context, tourism and recreation in relation to leisure time, offering insight into the demand, supply, planning, destination management and impacts of tourism and recreation. Hilst retaining its accessible style and approach this edition has been significantly updated to reflect recent developments and new concepts from geography which are beginning to permeate the tourism and recreational field. New features include: Content on the most recent developments, climate change, sustainability, mobilities and crisis management in time and space as well as trends such as low cost airlines and the control of land transport by transnational operators in the EU such as Arriva. More attention to management issues such as innovation and the spatial consequences for tourism and leisure development. New case studies and examples to showcase real life issues, from both developed and developing countries, especially the US, China and South Africa. Completely revised and redeveloped to accommodate new, user- friendly features: case studies, insights, summary points and learning objectives 2ProductionaTourism9236610 aPage, Stephen J9236611 2ddccBK c240364d240364 00102ddc40708ECOaSACPGbSACPGd2025-08-20eBiblios Book Pointg4832.00l0o338.4791 HALGpPG025093r2025-08-20 10:10:25v6195.00w0000-00-00yBK